LEADER 00709nam0 2200229 450 001 000015651 005 20080828161248.0 100 $a20080828d1976----km-y0itay50------ba 101 0 $aita 102 $aIT 105 $ay-------001yy 200 1 $a<>organizzazione amministrativa della pubblica istruzione$fPiero Sacco 210 $aMilano$cGiuffrè$d1976 215 $a230 p.$d25 cm 610 1 $aIstruzione pubblica$aLegislazione 676 $a379$v19 700 1$aSacco,$bPiero$0229108 801 0$aIT$bUNIPARTHENOPE$c20080828$gRICA$2UNIMARC 912 $a000015651 951 $a379/101$b20029$cNAVA1$d2008 996 $aOrganizzazione amministrativa della pubblica istruzione$9194063 997 $aUNIPARTHENOPE LEADER 01002nam0-2200337 --450 001 9910291858603321 005 20190716124755.0 010 $a9781402049613 010 $a9781402096150$bpbk 100 $a20181119d2007----kmuy0itay5050 ba 101 0 $aeng 102 $aNL 105 $ay 001yy 200 1 $aIslamic bioethics: problems and perspectives$fDariusch Atighetchi 210 $aDordrecht$cSpringer$d2007 215 $aXIII, 375 p.$d25 cm 225 1 $aInternational library of ethics, law, and the new medicine$v31 610 0 $aBioetica$aAspetti religiosi$aIslam 610 0 $aEtica$aIslam 610 0 $aIslamismo$aTeologia morale 676 $a174.2$v22$zita 676 $a174.9$v22$zita 676 $a297.5$v22$zita 700 1$aAtighetchi,$bDariusch$0275808 801 0$aIT$bUNINA$gREICAT$2UNIMARC 901 $aBK 912 $a9910291858603321 952 $aP.1 FRM 1124$bbIBL. 2019$fFLFBC 959 $aFLFBC 996 $aIslamic bioethics$91538505 997 $aUNINA